Only Country To... (Nuclear Weapons Edition) - Statistics

General Stats
  • This quiz has been taken 70 times
  • The average score is 10 of 15
Answer Stats
Only country to... Answer % Correct
Nuke another country United States
100%
Get nuked Japan
98%
Neither confirm nor deny having nukes Israel
82%
Be a former Soviet Republic in Asia to have had nukes Kazakhstan
80%
Be a former Soviet Republic and once have had nukes but doesnt anymore Ukraine
78%
Once have had nukes but doesnt anymore (excluding former Soviet Republics) South Africa
77%
Be in North America and have nukes United States
77%
Be in Africa and have had nukes South Africa
72%
Have territory in South America and have nukes France
68%
Not exist anymore but have once had nukes Soviet Union
65%
Be majority Muslim and have nukes Pakistan
58%
Have nukes and withdraw from the NPT North Korea
50%
Be in Asia but share nukes with European countries Turkey
38%
Share nukes at two air bases Italy
15%
Not have nukes and not sign the NPT South Sudan
8%
No matching quizzes found
Score Distribution
Percent of People with Each Score
Percentile by Number Answered
Your Score History
You have not taken this quiz